000 00271nam a22001337a 4500
082 _a894
_bCHA/H
100 _aCHATHURVEDHI
100 _aKUMAR
245 _aHINDI NIBHANDH
260 _aDELHI
_bM. I PUBLICATIONS
300 _a136
650 _aESSAY
_zDELHI
942 _cBK
999 _c4446
_d4446